000 00478nam a2200181 i 4500
001 bg
245 0 _aPoradnik projektanta :
_btł. [z fin.] Contracon Oy /
_c[Sakari Silvennoinen ; Rautaruukki.
260 _aRaache,
_c[1993].
300 _a240 s. :
_b2 mapy, rys., wykr. ;
_c21 cm.
650 9 _aMetalurgia
_xwyroby
650 9 _aHutnictwo
650 9 _astal
040 _cBPK
041 _apl
080 _a669
942 _cKA
008 s pl f |000 0 pol
999 _c24158
_d24158
856 _uhttp://koha.tu.koszalin.pl/cgi-bin/koha/opac-detail.pl?biblionumber=24158
_yKatalog online BPK